El lector hispano americano : (Record no. 34191)
[ view plain ]
| 000 -CABECERA | |
|---|---|
| campo de control de longitud fija | 01264nam a2200265 a 4500 |
| 003 - IDENTIFICADOR DEL NÚMERO DE CONTROL | |
| campo de control | MX-MxUPN |
| 005 - FECHA Y HORA DE LA ÚLTIMA TRANSACCIÓN | |
| campo de control | 20231109100056.0 |
| 008 - ELEMENTOS DE LONGITUD FIJA--INFORMACIÓN GENERAL | |
| campo de control de longitud fija | 991125s1897 mx a r 000 0 spa d |
| 035 ## - NÚMERO DE CONTROL DEL SISTEMA | |
| Número de control de sistema | UPN01000034191 |
| 040 ## - FUENTE DE LA CATALOGACIÓN | |
| Centro catalogador/agencia de origen | MX-MxUPN |
| Lengua de catalogación | spa |
| Centro/agencia transcriptor | MX-MxUPN |
| 041 0# - CÓDIGO DE IDIOMA | |
| Código de lengua del texto/banda sonora o título independiente | spa |
| 050 #4 - SIGNATURA TOPOGRÁFICA DE LA BIBLIOTECA DEL CONGRESO | |
| Número de clasificación | LB1573 M6.2 |
| Número de documento/Ítem | G6.4 |
| 100 1# - ASIENTO PRINCIPAL--NOMBRE PERSONAL | |
| Nombre de persona | Gómez, Ricardo |
| 9 (RLIN) | 50573 |
| 245 13 - MENCIÓN DE TÍTULO | |
| Título | El lector hispano americano : |
| Resto del título | libro segundo de lectura |
| 260 ## - PUBLICACIÓN, DISTRIBUCIÓN, ETC. | |
| Lugar de publicación, distribución, etc. | México : |
| Nombre del editor, distribuidor, etc. | Herrero Hermanos, |
| Fecha de publicación, distribución, etc. | 1897 |
| 300 ## - DESCRIPCIÓN FÍSICA | |
| Extensión | 173 páginas : |
| Otras características físicas | ilustraciones |
| 500 ## - NOTA GENERAL | |
| Nota general | "Basado en las lecciones de cosas; con ejercicios de lenguaje; aplicaciones de geometría intuitiva, instrucciones para la geografía local, datos y manera de verificar las descripciones de objetos, estampas, plantas y animales; lecturas morales sobre los defectos más comunes de la niñez y virtudes propias de esa edad; dibujos y recitaciones"--portada. |
| 506 0# - NOTA DE RESTRICCIONES AL ACCESO | |
| Limitaciones de acceso | Acceso abierto. |
| 530 ## - NOTA DE FORMATO FÍSICO ADICIONAL DISPONIBLE | |
| Nota de formato físico adicional disponible | También disponible en línea. |
| 536 ## - NOTA DE INFORMACIÓN SOBRE FINANCIAMIENTO | |
| Texto de la nota | Libros de texto digitalizados bajo el patrocinio del Instituto Georg-Eckert. |
| 650 #4 - ASIENTO SECUNDARIO DE MATERIA - TERMINO TEMATICO | |
| Término de materia o nombre geográfico como elemento de entrada | Lectura |
| Subdivisión general | Estudio y enseñanza (Elemental) |
| 9 (RLIN) | 2805 |
| 856 41 - LOCALIZACIÓN Y ACCESO ELECTRÓNICOS | |
| Identificador Uniforme del Recurso | <a href="http://200.23.113.51/pdf/librosdetexto/122029GomezEllectorhispanoamericano2o1897.pdf">http://200.23.113.51/pdf/librosdetexto/122029GomezEllectorhispanoamericano2o1897.pdf</a> |
| 902 ## - ELEMENTOS DE DATOS B LOCAL, LDB (RLIN) | |
| Modificó | Víctor Ruiz/081123 |
| 904 ## - ELEMENTOS DE DATOS D LOCAL, LDD (RLIN) | |
| a | AC |
| b | 034192 |
| Estado de retiro | Estado de pérdida | Fuente del sistema de clasificación o colocación | Estado dañado | No para préstamo | Código de colección | Localización permanente | Ubicación/localización actual | Ubicación en estantería | Fecha de adquisición | Total de préstamos | Clasificación | Código de barras | Fecha visto por última vez | Fecha del último préstamo | Tipo de ítem Koha | Identificador Uniforme del Recurso | Precio válido a partir de |
|---|---|---|---|---|---|---|---|---|---|---|---|---|---|---|---|---|---|
| Library of Congress Classification | Coleccion Esp. | Colección Especial | Bib. Gregorio Torres Quintero | Bib. Gregorio Torres Quintero | Colección Especial | 23/02/2023 | 2 | LB1573 M6.2 G6.4 | 122029 | 03/05/2023 | 19/04/2023 | Libro | |||||
| Library of Congress Classification | Colección Libros de Texto GEI/UPN | Bib. Gregorio Torres Quintero | Bib. Gregorio Torres Quintero | En línea | 08/11/2023 | LB1573 | 08/11/2023 | Libro Electrónico | http://200.23.113.51/pdf/librosdetexto/122029GomezEllectorhispanoamericano2o1897.pdf | 08/11/2023 |
